[Event "Bohumin op-B 6th"]
[Site "Bohumin"]
[Date "2023.07.08"]
[Round "8"]
[White "Repak, Jan"]
[Black "Macosek, Alex"]
[Result "0-1"]
[WhiteElo "1814"]
[BlackElo "1424"]
[PlyCount "54"]
[EventDate "2023.07.01"]
[EventType "swiss"]
[EventRounds "9"]
[EventCountry "CZE"]
[SourceTitle "EXT 2024"]
[Source "ChessBase"]
[SourceDate "2023.10.10"]
[SourceVersion "1"]
[SourceVersionDate "2023.10.10"]
[SourceQuality "1"]

1. Nf3 Nf6 2. d4 d5 3. c4 c6 4. Nc3 g6 5. Bf4 Bg7 6. e3 0-0 7. Bd3 Nbd7 8. Nd2 c5 9. Nb5 Nh5 10. Bc7 Qe8 11. g4 Nhf6 12. Be5 Nxe5 13. dxe5 Nxg4 14. Nc7 Qd8 15. Nxa8 Nxe5 16. Be2 Bf5 17. Qb3 e6 18. cxd5 exd5 19. 0-0-0 Qxa8 20. Nb1 b6 21. h3 d4 22. f4 c4 23. Qa4 b5 24. Qxb5 Qe4 25. Na3 Qxe3+ 26. Rd2 c3 27. bxc3 dxc3 0-1

[Event "Bohumin op-B 6th"]
[Site "Bohumin"]
[Date "2023.07.06"]
[Round "6"]
[White "Repak, Jan"]
[Black "Petrov, Nikolaj"]
[Result "1-0"]
[WhiteElo "1814"]
[BlackElo "1608"]
[PlyCount "133"]
[EventDate "2023.07.01"]
[EventType "swiss"]
[EventRounds "9"]
[EventCountry "CZE"]
[SourceTitle "EXT 2024"]
[Source "ChessBase"]
[SourceDate "2023.10.10"]
[SourceVersion "1"]
[SourceVersionDate "2023.10.10"]
[SourceQuality "1"]

1. d4 d5 2. c4 e6 3. Nc3 Nf6 4. Nf3 g6 5. Bf4 Bg7 6. e3 0-0 7. Bd3 c6 8. Qc2 Nbd7 9. h4 dxc4 10. Bxc4 Nb6 11. Bd3 Nbd5 12. Nxd5 Nxd5 13. h5 Nb4 14. Qb1 Nxd3+ 15. Qxd3 Qa5+ 16. Kf1 b6 17. Kg1 Ba6 18. Qc2 Rac8 19. hxg6 fxg6 20. Ng5 Qf5 21. Qxf5 exf5 22. Rxh7 c5 23. Be5 Rf7 24. dxc5 bxc5 25. Rd1 Bb5 26. Bc3 Re7 27. Rd6 Be8 28. Re6 Rb7 29. f4 Rd7 30. Rxg7+ Rxg7 31. Bxg7 Kxg7 32. Re7+ Kg8 33. Rxa7 Rd8 34. Ra6 Rd2 35. b3 Re2 36. Kf1 Rxe3 37. Re6 Bb5+ 38. Kf2 Rc3 39. Rxg6+ Kh8 40. a4 Bd3 41. Rb6 Bc2 42. a5 Bxb3 43. a6 Bd5 44. a7 Ra3 45. Rb8+ Kg7 46. Ne6+ Kf6 47. Nc7 Ra2+ 48. Ke3 Ra3+ 49. Kd2 Bxg2 50. a8Q Bxa8 51. Rxa8 Rf3 52. Ra4 Ke7 53. Nd5+ Kd6 54. Ne3 Kc6 55. Ke2 Rh3 56. Nxf5 Kb5 57. Re4 Rh5 58. Ne3 Rh2+ 59. Kf3 Rh8 60. f5 Kc6 61. Kg4 Rg8+ 62. Kh5 Kd6 63. f6 c4 64. f7 Rf8 65. Kg6 c3 66. Kg7 c2 67. Nxc2 1-0

[Event "Moravia-Silesia Region-chT 2223"]
[Site "Czech Republic"]
[Date "2023.01.29"]
[Round "7"]
[White "Pavlicek, Tomas"]
[Black "Repak, Jan"]
[Result "0-1"]
[WhiteElo "1847"]
[BlackElo "1826"]
[PlyCount "74"]
[EventDate "2022.10.09"]
[EventType "team-tourn"]
[EventRounds "11"]
[EventCountry "CZE"]
[SourceTitle "EXT 2024"]
[Source "ChessBase"]
[SourceDate "2023.10.10"]
[SourceVersion "1"]
[SourceVersionDate "2023.10.10"]
[SourceQuality "1"]
[WhiteTeam "Senov"]
[BlackTeam "Ostrava III"]
[WhiteTeamCountry "CZE"]
[BlackTeamCountry "CZE"]

1. e4 c5 2. c4 Nc6 3. Ne2 g6 4. d4 cxd4 5. Nxd4 Bg7 6. Be3 d6 7. Be2 Nf6 8. Nc3 0-0 9. 0-0 Nxd4 10. Bxd4 b6 11. Qd2 Bb7 12. f3 Qd7 13. Rac1 e6 14. Rfd1 Rfd8 15. b3 Qe7 16. Bf1 Rd7 17. Re1 Rad8 18. g4 Ne8 19. Be3 Qf8 20. Qf2 Nc7 21. Bg5 f6 22. Be3 d5 23. cxd5 exd5 24. exd5 Nxd5 25. Bc4 Kh8 26. Nxd5 Bxd5 27. Bxd5 Rxd5 28. Rc7 R5d7 29. Rec1 f5 30. Rxd7 Rxd7 31. gxf5 gxf5 32. Qc2 f4 33. Bf2 Qd6 34. Qc8+ Rd8 35. Qc7 Qd2 36. Rc4 Qd1+ 37. Kg2 Rg8 0-1

[Event "Moravia-Silesia Region-chT 2223"]
[Site "Czech Republic"]
[Date "2022.11.27"]
[Round "4"]
[White "Repak, Jan"]
[Black "Kopta, Jiri"]
[Result "1-0"]
[WhiteElo "1782"]
[BlackElo "1903"]
[PlyCount "69"]
[EventDate "2022.10.09"]
[EventType "team-tourn"]
[EventRounds "11"]
[EventCountry "CZE"]
[SourceTitle "EXT 2024"]
[Source "ChessBase"]
[SourceDate "2023.10.10"]
[SourceVersion "1"]
[SourceVersionDate "2023.10.10"]
[SourceQuality "1"]
[WhiteTeam "Ostrava III"]
[BlackTeam "Orlova Slavia III"]
[WhiteTeamCountry "CZE"]
[BlackTeamCountry "CZE"]

1. Nf3 c5 2. c4 b6 3. g3 Bb7 4. Bg2 Nf6 5. 0-0 e6 6. b3 Be7 7. Bb2 0-0 8. d4 cxd4 9. Bxd4 d6 10. Qc1 Nbd7 11. Qb2 Qc7 12. Rc1 Rac8 13. Nbd2 e5 14. Bc3 Rfe8 15. Nf1 Nc5 16. Bh3 Nfd7 17. Ne3 Bf8 18. Nd5 g6 19. Rd1 Qb8 20. a4 f5 21. Nd2 Bg7 22. b4 Ne6 23. e4 Ng5 24. Bg2 Nf6 25. exf5 Nxd5 26. cxd5 gxf5 27. f4 Nf7 28. Nf1 Qa8 29. Rac1 Rxc3 30. Qxc3 exf4 31. Qd3 fxg3 32. Nxg3 f4 33. Nh5 Ne5 34. Qf5 f3 35. Rc7 1-0

[Event "Karvina op"]
[Site "Karvina"]
[Date "2016.07.10"]
[Round "9"]
[White "Chwastek, Otto"]
[Black "Repak, Jan"]
[Result "0-1"]
[WhiteElo "1837"]
[BlackElo "1688"]
[PlyCount "76"]
[EventDate "2016.07.02"]
[EventType "swiss"]
[EventRounds "9"]
[EventCountry "CZE"]
[SourceTitle "EXT 2017"]
[Source "ChessBase"]
[SourceDate "2016.10.25"]
[SourceVersion "1"]
[SourceVersionDate "2016.10.25"]
[SourceQuality "1"]

1. e4 c5 2. Nf3 d6 3. d4 cxd4 4. Nxd4 Nf6 5. Nc3 a6 6. Be3 e6 7. g4 e5 8. Nf5 g6 9. g5 gxf5 10. gxf6 f4 11. Bd2 Nd7 12. Bc4 Nxf6 13. Qe2 Be6 14. Bxe6 fxe6 15. 0-0-0 Qc7 16. Be1 0-0-0 17. f3 Be7 18. Bh4 Nxe4 19. Nxe4 Bxh4 20. Rd3 Kb8 21. Rhd1 Be7 22. Rc3 Qa5 23. Ra3 Qb5 24. Rdd3 Rhg8 25. Rab3 Rg1+ 26. Kd2 Qa5+ 27. Nc3 Rdg8 28. Ra3 Qxa3 29. bxa3 R8g2 30. h3 Rxe2+ 31. Nxe2 Rh1 32. c4 Rxh3 33. Rb3 Rh2 34. Kd3 h5 35. Nc3 h4 36. Ke4 h3 37. Rb1 Rd2 38. c5 Rd4# 0-1

[Event "Karvina op"]
[Site "Karvina"]
[Date "2016.07.06"]
[Round "5"]
[White "Repak, Jan"]
[Black "Sikora, Matous"]
[Result "1-0"]
[WhiteElo "1688"]
[BlackElo "1861"]
[PlyCount "71"]
[EventDate "2016.07.02"]
[EventType "swiss"]
[EventRounds "9"]
[EventCountry "CZE"]
[SourceTitle "EXT 2017"]
[Source "ChessBase"]
[SourceDate "2016.10.25"]
[SourceVersion "1"]
[SourceVersionDate "2016.10.25"]
[SourceQuality "1"]

1. e4 c5 2. Nf3 g6 3. d4 cxd4 4. Nxd4 Nc6 5. c4 Bg7 6. Be3 Nf6 7. Nc3 Ng4 8. Qxg4 Nxd4 9. Qd1 Nc6 10. Rc1 0-0 11. Be2 d6 12. 0-0 Be6 13. h3 Qa5 14. Qd2 Rfc8 15. b3 a6 16. Rfd1 Rab8 17. Nd5 Qxd2 18. Rxd2 Bxd5 19. exd5 Ne5 20. f4 Nd7 21. b4 b6 22. Bd1 Rc7 23. Rdc2 Rbc8 24. Be2 a5 25. a3 axb4 26. axb4 b5 27. c5 dxc5 28. Bxb5 Rb8 29. Bxd7 Rxd7 30. bxc5 Rxd5 31. c6 Ra5 32. c7 Rc8 33. Rd1 Raa8 34. Bb6 e5 35. Rd8+ Bf8 36. Rcd2 1-0

[Event "Orlova op 13th"]
[Site "Orlova"]
[Date "2016.05.22"]
[Round "2"]
[White "Repak, Jan"]
[Black "Chlevistan, Jaromir"]
[Result "1-0"]
[WhiteElo "1715"]
[BlackElo "1504"]
[PlyCount "57"]
[EventDate "2016.05.21"]
[EventType "swiss"]
[EventRounds "9"]
[EventCountry "CZE"]
[SourceTitle "EXT 2017"]
[Source "ChessBase"]
[SourceDate "2016.10.25"]
[SourceVersion "1"]
[SourceVersionDate "2016.10.25"]
[SourceQuality "1"]

1. Nf3 Nf6 2. g3 b6 3. Bg2 Bb7 4. 0-0 e6 5. d3 Be7 6. e4 0-0 7. c4 d6 8. Nc3 Nbd7 9. h3 c5 10. Re1 a6 11. a3 Ne8 12. b4 Bf6 13. Bb2 cxb4 14. axb4 Qe7 15. d4 g6 16. b5 Nc7 17. e5 dxe5 18. Ba3 Qe8 19. Bxf8 Qxf8 20. Nxe5 Nxe5 21. Bxb7 Rd8 22. bxa6 Rxd4 23. Qb3 Nxc4 24. Ne2 Re4 25. Bxe4 Nd2 26. Qd3 Nxe4 27. Qxe4 Bxa1 28. Rxa1 Qg7 29. Qd4 1-0

[Event "Karvina op"]
[Site "Karvina"]
[Date "2015.07.01"]
[Round "5"]
[White "Krajcovic, Filip"]
[Black "Repak, Jan"]
[Result "1-0"]
[WhiteElo "1689"]
[BlackElo "1693"]
[PlyCount "67"]
[EventDate "2015.06.27"]
[EventType "swiss"]
[EventRounds "9"]
[EventCountry "CZE"]
[SourceTitle "CBM 167 Extra"]
[Source "ChessBase"]
[SourceDate "2015.09.14"]
[SourceVersion "1"]
[SourceVersionDate "2015.09.14"]
[SourceQuality "1"]

1. e4 c5 2. Nf3 d6 3. c3 Nc6 4. Bb5 Bd7 5. 0-0 Nf6 6. d3 g6 7. Nbd2 Bg7 8. Qb3 0-0 9. Qc2 a6 10. Bxc6 Bxc6 11. a4 b5 12. axb5 axb5 13. Rxa8 Qxa8 14. e5 dxe5 15. Re1 Nd7 16. b3 Re8 17. Bb2 f5 18. c4 b4 19. Qd1 e4 20. Bxg7 Kxg7 21. dxe4 e5 22. exf5 gxf5 23. Nh4 Kh8 24. Qh5 Rg8 25. f3 Qa2 26. Qh6 f4 27. Re2 Qa1+ 28. Kf2 Qd4+ 29. Kf1 Bb7 30. Nf5 Qa1+ 31. Re1 Qb2 32. Qd6 e4 33. fxe4 Bxe4 34. Rxe4 1-0

[Event "Karvina op"]
[Site "Karvina"]
[Date "2014.07.04"]
[Round "7"]
[White "Krampol, Vladimir"]
[Black "Repak, Jan"]
[Result "1/2-1/2"]
[WhiteElo "1878"]
[BlackElo "1715"]
[PlyCount "56"]
[EventDate "2014.06.28"]
[EventType "swiss"]
[EventRounds "9"]
[EventCountry "CZE"]
[SourceTitle "CBM 161 Extra"]
[Source "ChessBase"]
[SourceDate "2014.08.29"]
[SourceVersion "1"]
[SourceVersionDate "2014.08.29"]
[SourceQuality "1"]

1. Nf3 c5 2. c4 Nf6 3. g3 b6 4. Bg2 Bb7 5. 0-0 e6 6. d4 cxd4 7. Nxd4 Bxg2 8. Kxg2 a6 9. Nc3 Nc6 10. Bg5 Be7 11. e3 0-0 12. Qf3 Rc8 13. b3 Nxd4 14. exd4 d5 15. cxd5 Nxd5 16. Bxe7 Nxe7 17. Rfd1 Nd5 18. Rac1 Qd7 19. Ne4 Rc7 20. Rc4 Rfc8 21. Rdc1 h6 22. a3 Ne7 23. Qd3 f5 24. Nd2 b5 25. Rxc7 Rxc7 26. Rxc7 Qxc7 27. Qf3 Qc6 28. h4 g5 1/2-1/2

[Event "Karvina op"]
[Site "Karvina"]
[Date "2014.06.28"]
[Round "1"]
[White "Lys, Josef"]
[Black "Repak, Jan"]
[Result "1-0"]
[WhiteElo "2206"]
[BlackElo "1715"]
[PlyCount "59"]
[EventDate "2014.06.28"]
[EventType "swiss"]
[EventRounds "9"]
[EventCountry "CZE"]
[SourceTitle "CBM 161 Extra"]
[Source "ChessBase"]
[SourceDate "2014.08.29"]
[SourceVersion "1"]
[SourceVersionDate "2014.08.29"]
[SourceQuality "1"]

1. d4 Nf6 2. Nf3 g6 3. Bg5 Bg7 4. Nbd2 d5 5. h3 0-0 6. e3 Nbd7 7. Bd3 c5 8. c3 cxd4 9. exd4 Re8 10. 0-0 Qb6 11. Qb3 Qxb3 12. axb3 e5 13. Nxe5 Nxe5 14. dxe5 Rxe5 15. Be3 a6 16. Bd4 Re8 17. Ra5 Ne4 18. Nf3 Bxd4 19. Nxd4 Nf6 20. Nb5 Re7 21. g4 b6 22. Ra2 Ne8 23. Rfa1 Rd7 24. b4 Bb7 25. Nd4 Nc7 26. b5 axb5 27. Rxa8+ Nxa8 28. Ra7 Kf8 29. Bxb5 Re7 30. g5 1-0

[Event "Ostrava Konik op"]
[Site "Ostrava"]
[Date "2014.05.02"]
[Round "7"]
[White "Hlubina, Pavel"]
[Black "Repak, Jan"]
[Result "1-0"]
[WhiteElo "1930"]
[BlackElo "1679"]
[PlyCount "45"]
[EventDate "2014.04.26"]
[EventType "swiss"]
[EventRounds "9"]
[EventCountry "CZE"]
[SourceTitle "CBM 160 Extra"]
[Source "ChessBase"]
[SourceDate "2014.07.01"]
[SourceVersion "1"]
[SourceVersionDate "2014.07.01"]
[SourceQuality "1"]

1. e4 c5 2. Nf3 d6 3. d4 cxd4 4. Nxd4 Nf6 5. Nc3 a6 6. Be3 e6 7. f3 Be7 8. Qd2 Nbd7 9. g4 h6 10. 0-0-0 Qc7 11. h4 b6 12. Bh3 Ne5 13. b3 d5 14. g5 Bb4 15. gxf6 Bxc3 16. Qf2 Qc5 17. Kb1 Nc4 18. bxc4 Qb4+ 19. Nb3 dxc4 20. fxg7 Bxg7 21. Bxb6 Bb7 22. Bd4 e5 23. Bd7+ 1-0

[Event "Ostrava Konik op"]
[Site "Ostrava"]
[Date "2014.04.29"]
[Round "4"]
[White "Repak, Jan"]
[Black "Chromik, Tomas"]
[Result "1-0"]
[WhiteElo "1679"]
[BlackElo "1939"]
[PlyCount "104"]
[EventDate "2014.04.26"]
[EventType "swiss"]
[EventRounds "9"]
[EventCountry "CZE"]
[SourceTitle "CBM 160 Extra"]
[Source "ChessBase"]
[SourceDate "2014.07.01"]
[SourceVersion "1"]
[SourceVersionDate "2014.07.01"]
[SourceQuality "1"]

1. Nf3 d5 2. c4 d4 3. b4 a5 4. b5 c6 5. a4 Nf6 6. Bb2 c5 7. e3 dxe3 8. fxe3 Bg4 9. Be2 Nbd7 10. 0-0 Qc7 11. Nc3 e6 12. Rc1 Bd6 13. h3 Bh5 14. d4 cxd4 15. exd4 Bf4 16. Rc2 Be3+ 17. Kh1 Bg6 18. Bd3 Nh5 19. Ne2 Nf4 20. Nxf4 Bxf4 21. c5 0-0 22. Qe2 Nf6 23. g4 Nd5 24. Bxg6 hxg6 25. Bc1 Bg3 26. Ne5 Bh4 27. Qf3 Bf6 28. Bf4 Nxf4 29. Qxf4 Rfd8 30. g5 Bxe5 31. Qxe5 Qxe5 32. dxe5 Rac8 33. Rfc1 Rd4 34. Rc4 Rd3 35. Kh2 Rd2+ 36. Kg3 Rd3+ 37. Kg4 Kf8 38. c6 bxc6 39. Rxc6 Rcd8 40. Rc8 Ke8 41. R1c4 Rxc8 42. Rxc8+ Kd7 43. Rc4 Rb3 44. h4 Kd8 45. Rf4 Ke8 46. Re4 Rb4 47. Kf4 Rb3 48. Rd4 Ke7 49. Ke4 f5+ 50. gxf6+ gxf6 51. exf6+ Kxf6 52. Rc4 Rh3 1-0